000 00517nam a2200181Ia 4500
003 LDD
008 190117s9999 xx 000 0 und d
020 _a9789380458380
_c₹460
040 _cLDD
041 _ahi
082 _a8H8.03 म4804आ
100 _aमधुरेश
245 0 _aआलोचक का आकाश
_cमधुरेश
260 _aनई दिल्ली
_bसामयिक बुक्स
_c2012
300 _a271पृ.
904 _aReqst by : J.M. Parakh
942 _2ddc
_cH
999 _c165838
_d165838